| Tag |
First Indicator |
Second Indicator |
Subfields |
| LEADER |
00000cam a2200000 i 4500 |
| 001 |
in00004589539 |
| 003 |
OCoLC |
| 005 |
20220810194603.7 |
| 008 |
211227t20222022nyuaf b 000 0 eng d |
| 035 |
|
|
|a (OCoLC)1290168934
|
| 040 |
|
|
|a YDX
|e rda
|c YDX
|d OQX
|d TCH
|d UAP
|
| 020 |
|
|
|a 9780063041325
|q (hardcover)
|
| 020 |
|
|
|a 0063041324
|q (hardcover)
|
| 020 |
|
|
|z 9780063239357
|q (ANZ)
|
| 043 |
|
|
|a zs-----
|
| 050 |
|
4 |
|a QB501.2
|b .D46 2022
|
| 082 |
0 |
|
|a 523.2
|2 23/eng/20211220
|
| 100 |
1 |
|
|a De Pree, Christopher Gordon,
|e author.
|
| 245 |
1 |
0 |
|a Astronomical mindfulness :
|b your cosmic guide to reconnecting with the sun, moon, stars, and planets /
|c Christopher G. De Pree & Sarah Scoles.
|
| 250 |
|
|
|a First edition.
|
| 264 |
|
1 |
|a New York :
|b HarperOne, an imprint of HarperCollinsPublishers,
|c [2022].
|
| 264 |
|
4 |
|c ©2022.
|
| 300 |
|
|
|a ix, 211 pages :
|b illustrations ;
|c 21 cm.
|
| 336 |
|
|
|a text
|b txt
|2 rdacontent
|
| 337 |
|
|
|a unmediated
|b n
|2 rdamedia
|
| 338 |
|
|
|a volume
|b nc
|2 rdacarrier
|
| 505 |
0 |
|
|a Getting oriented -- The sun -- The moon -- The stars -- The planets.
|
| 520 |
|
|
|a Offers an in-depth look at the celestial bodies in our solar system and their movements and offers mindfulness exercises that can help readers foster a better connection to the cosmos and a new sense of presence in the universe.
|
| 504 |
|
|
|a Includes bibliographical references.
|
| 651 |
|
0 |
|a Solar system
|v Popular works.
|
| 650 |
|
0 |
|a Astronomy
|v Popular works.
|
| 650 |
|
0 |
|a Mindfulness (Psychology)
|
| 650 |
|
7 |
|a SCIENCE
|x Space Science
|x Astronomy.
|2 bisacsh
|
| 700 |
1 |
|
|a Scoles, Sarah,
|e author.
|
| 945 |
|
|
|b 384315
|
| 947 |
|
|
|a A14851589748
|
| 948 |
|
|
|a dmitchel 8/9/22 2.44.16
|
| 980 |
|
|
|b print
|c 40031230439
|f NONFIC/B
|g 565714
|k USD
|m 20.24
|q 1
|s AcqMono Conventional
|t Approval plan
|u Vendor order reference number
|v ZYBP
|y Print approval
|z Physical resource
|
| 999 |
f |
f |
|i e9bf7fe3-9da9-453c-b9fb-95e401f11393
|s 58f9c0b4-400e-4b9a-817a-567fb57088c1
|t 0
|
| 952 |
f |
f |
|p normal
|a Texas A&M University
|b College Station
|c Sterling C. Evans Library
|s Evans stk
|d Evans: Library Stacks
|t 0
|e QB501.2 .D46 2022
|h Library of Congress classification
|i unmediated -- volume
|m A14851589748
|